Quaid-e-Azam Mohammad Ali Jinnah : (Record no. 190508)
[ view plain ]
| 000 -LEADER | |
|---|---|
| fixed length control field | 00799 a2200157 4500 |
| 003 - CONTROL NUMBER IDENTIFIER | |
| control field | Nust |
| 005 - DATE AND TIME OF LATEST TRANSACTION | |
| control field | 20230206113142.0 |
| 040 ## - CATALOGING SOURCE | |
| Transcribing agency | Nust |
| 082 ## - DEWEY DECIMAL CLASSIFICATION NUMBER | |
| Classification number | 954.9042,QUA |
| 245 ## - TITLE STATEMENT | |
| Title | Quaid-e-Azam Mohammad Ali Jinnah : |
| Remainder of title | an Album of Photographs / |
| 260 ## - PUBLICATION, DISTRIBUTION, ETC. | |
| Place of publication, distribution, etc. | Directorat General of films Minstry of Information & Broadcasting |
| Name of publisher, distributor, etc. | Islamabad |
| Date of publication, distribution, etc. | 1993 |
| 300 ## - PHYSICAL DESCRIPTION | |
| Extent | xxxi, 263 p |
| Other physical details | illus |
| 505 ## - FORMATTED CONTENTS NOTE | |
| Formatted contents note | Portraits (Page-1), The Family (Page-11), The Quaid-e-Azam as Barrister (Page-25), Private Life (Page-35), Miscellany (Page-53), The Pakistan Movement before 1940 (Page-69), The Pakistan Movement after 1940 (Page-91), The Quaid-e- Azam as the Governor General of Pakistan (Page-161), The Last Journey (Page-229), The Quaid Companions (Page-235). |
| 650 ## - SUBJECT ADDED ENTRY--TOPICAL TERM | |
| Topical term or geographic name entry element | An album of Photographs |
| 9 (RLIN) | 108645 |
| 942 ## - ADDED ENTRY ELEMENTS (KOHA) | |
| Source of classification or shelving scheme | |
| Koha item type | Book |
| Withdrawn status | Lost status | Source of classification or shelving scheme | Damaged status | Not for loan | Permanent Location | Current Location | Shelving location | Date acquired | Shelving control number | Full call number | Barcode | Date last seen | Price effective from | Koha item type | Public note |
|---|---|---|---|---|---|---|---|---|---|---|---|---|---|---|---|
| Military College of Signals (MCS) | Military College of Signals (MCS) | General Stacks | 12/12/2016 | Pakistan History | 954.9042,QUA | MCS36082 | 12/08/2016 | 12/12/2016 | Book | Almirah No.62, Shelf No.1 | |||||
| Military College of Signals (MCS) | Military College of Signals (MCS) | General Stacks | 12/12/2016 | Pakistan History | 954.9042,QUA | MCS36083 | 12/08/2016 | 12/12/2016 | Book | Almirah No.62, Shelf No.1 |
